| 000 | 00783nam a2200217 i 4500 | ||
|---|---|---|---|
| 001 | 115698 | ||
| 003 | ES-MaACL | ||
| 005 | 20230906190534.0 | ||
| 007 | t| | ||
| 008 | 070503s1875 sp ||||1| spa d | ||
| 080 | _a656.2(460) | ||
| 100 | 1 |
_aMould, Juan Stephenson. _983856 |
|
| 245 | 1 | 0 |
_aRefutación de la memoria leída en la Junta General de Accionistas, celebrada el día 17 de setiembre de 1875 / _c[Juan S. Mould]. |
| 260 |
_aSantiago : _b[s.n.], _c1875 ( _fEst. Tip. de El Diario) |
||
| 300 |
_a76 p., [1] h. pleg. ; _c31 cm. |
||
| 594 | _aAutor tomado de fin de texto. | ||
| 594 | _aPrecede al tít: Ferro-carril Compostelano. | ||
| 650 | 4 |
_aFerrocarriles- _zEspaña- _yS. XIX. _912762 |
|
| 710 | 2 |
_aFerrocarril Compostelano. _9176196 |
|
| 852 | 4 |
_aES-MaACL _jT-173-F-6 |
|
| 999 |
_c115698 _d115698 |
||